English for science and engineering / (Record no. 703)

MARC details
000 -LEADER
fixed length control field 01088cam a2200289 a 4500
001 - CONTROL NUMBER
control field 14773952
003 - CONTROL NUMBER IDENTIFIER
control field OSt
005 - DATE AND TIME OF LATEST TRANSACTION
control field 20250420134822.0
008 - FIXED-LENGTH DATA ELEMENTS--GENERAL INFORMATION
fixed length control field 070319s2007 maua 000 0 eng
010 ## - LIBRARY OF CONGRESS CONTROL NUMBER
LC control number 2007272894
020 ## - INTERNATIONAL STANDARD BOOK NUMBER
International Standard Book Number 9781413020533 (pbk. : student's bk.)
040 ## - CATALOGING SOURCE
Original cataloging agency DLC
Transcribing agency DLC
Modifying agency KCST
082 ## - DEWEY DECIMAL CLASSIFICATION NUMBER
Classification number 428.24
Item number Wi En
100 1# - MAIN ENTRY--PERSONAL NAME
Personal name Williams, Ivor.
9 (RLIN) 5377
245 10 - TITLE STATEMENT
Title English for science and engineering /
Statement of responsibility, etc. Ivor Williams.
260 ## - PUBLICATION, DISTRIBUTION, ETC.
Place of publication, distribution, etc. Boston, Mass. :
Name of publisher, distributor, etc. Thomson,
Date of publication, distribution, etc. c2007.
300 ## - PHYSICAL DESCRIPTION
Extent vi, 106 p. :
Other physical details ill. ;
Dimensions 28 cm.
490 0# - SERIES STATEMENT
Series statement Professional English
520 8# - SUMMARY, ETC.
Summary, etc. "Suitable for university students and professionals specializing or working in any of the fields of science or engineering."--Cover p. 4.
650 #0 - SUBJECT ADDED ENTRY--TOPICAL TERM
Topical term or geographic name entry element English language
Form subdivision Textbooks for foreign speakers.
9 (RLIN) 4734
650 #0 - SUBJECT ADDED ENTRY--TOPICAL TERM
Topical term or geographic name entry element English language
General subdivision Technical English
Form subdivision Problems, exercises, etc.
9 (RLIN) 5378
650 #0 - SUBJECT ADDED ENTRY--TOPICAL TERM
Topical term or geographic name entry element Engineering
General subdivision Terminology.
9 (RLIN) 5379
650 #0 - SUBJECT ADDED ENTRY--TOPICAL TERM
Topical term or geographic name entry element Science
Form subdivision Terminology.
9 (RLIN) 5380
856 41 - ELECTRONIC LOCATION AND ACCESS
Materials specified Table of contents only
Uniform Resource Identifier <a href="http://www.loc.gov/catdir/toc/fy0713/2007272894.html">http://www.loc.gov/catdir/toc/fy0713/2007272894.html</a>
942 ## - ADDED ENTRY ELEMENTS (KOHA)
Koha item type Book
942 ## - ADDED ENTRY ELEMENTS (KOHA)
Source of classification or shelving scheme Dewey Decimal Classification
Holdings
Withdrawn status Lost status Source of classification or shelving scheme Damaged status Not for loan Home library Current library Date acquired Cost, normal purchase price Total checkouts Full call number Barcode Date last seen Cost, replacement price Price effective from Koha item type
    Dewey Decimal Classification     KCST Library KCST Library 09/11/2021 8.50   428.24 Wi En 1000000962 09/11/2021 8.50 09/11/2021 Book
    Dewey Decimal Classification     KCST Library KCST Library 09/11/2021 8.50   428.24 Wi En 1000000963 09/11/2021 8.50 09/11/2021 Book
    Dewey Decimal Classification     KCST Library KCST Library 09/11/2021 8.50   428.24 Wi En 1000000964 09/11/2021 8.50 09/11/2021 Book
© 2025 KCST. All rights reserved